| 000 | 01229 a2200337 4500 | ||
|---|---|---|---|
| 999 |
_c200129570 _d31614 |
||
| 001 | 200129570 | ||
| 003 | TR-AnTOB | ||
| 005 | 20220921100544.0 | ||
| 008 | 130529b tu 000 0 | ||
| 020 | _a9789751736109 | ||
| 040 |
_aTR-AnTOB _cTR-AnTOB |
||
| 041 | _atur | ||
| 050 |
_aDS51.G66 _b.G56 2012 |
||
| 090 | _aDS51.G66 .G56 2012 | ||
| 100 | 1 |
_aGülyaz, Murat Ertuğrul, _d1960- _989907 |
|
| 245 | 1 | 0 |
_aGöreme National Park and the rock sites of Cappadocia / _cby Murat Ertuğrul Gülyaz ; photographed Murat Ertuğrul Gülyaz. |
| 246 | 3 | 0 | _aCappadocia |
| 264 | 1 |
_aAnkara : _bMinistry of Culture and Tourism, _c2012. |
|
| 300 |
_a159 s. : _brnk. fotoğ. ; _c20 cm. |
||
| 336 |
_2rdacontent _atext _btxt |
||
| 337 |
_2rdamedia _aunmediated _bn |
||
| 338 |
_2rdacarrier _avolume _bnc |
||
| 490 | 0 |
_aHandbook series ; _v20 |
|
| 651 | 7 |
_aKapadokya (Türkiye) _xTarih _2etuturkob _989916 |
|
| 651 | 0 |
_aGöreme (Nevşehir, Türkiye) _xGezi ve tanıtım _989912 |
|
| 651 | 0 | 0 |
_aKapadokya (Nevşehir, Türkiye) _xGezi ve tanıtım _989914 |
| 651 | 0 |
_aKapadokya (Nevşehir, Türkiye) _xBinalar, yapılar vb. _989915 |
|
| 651 | 0 |
_aGöreme (Nevşehir, Türkiye) _xBinalar, yapılar, vb. _989913 |
|
| 942 |
_cBK _2lcc |
||